Foreign Direct Investment in Lithuania (Record no. 6468)

MARC details
000 -LEADER
fixed length control field 00746nam a22002177i 4500
001 - CONTROL NUMBER
control field 7611
003 - CONTROL NUMBER IDENTIFIER
control field OSt
005 - DATE AND TIME OF LATEST TRANSACTION
control field 20170126082402.0
007 - PHYSICAL DESCRIPTION FIXED FIELD--GENERAL INFORMATION
fixed length control field tu
008 - FIXED-LENGTH DATA ELEMENTS--GENERAL INFORMATION
fixed length control field 161220s2001 xxu||||| |||| 00| 0 d
024 7# - OTHER STANDARD IDENTIFIER
Standard number or code 7611
Source of number or code RID
024 7# - OTHER STANDARD IDENTIFIER
Standard number or code 7611
Source of number or code RSN (alt)
040 ## - CATALOGING SOURCE
Transcribing agency OSt
110 2# - MAIN ENTRY--CORPORATE NAME
Corporate name or jurisdiction name as entry element Lithuanian Department of Statistics
245 00 - TITLE STATEMENT
Title Foreign Direct Investment in Lithuania
260 ## - PUBLICATION, DISTRIBUTION, ETC.
Place of publication, distribution, etc. Vilnius,
Date of publication, distribution, etc. 2001/Januar-2008/Januar (unvollständig).
490 ## - SERIES STATEMENT
Series statement Foreign Direct Investment in Lithuania
651 ## - SUBJECT ADDED ENTRY--GEOGRAPHIC NAME
Geographic name Lithuania
856 ## - ELECTRONIC LOCATION AND ACCESS
Uniform Resource Identifier <a href="http://www.std.lt/">http://www.std.lt/</a>
866 #0 - TEXTUAL HOLDINGS--BASIC BIBLIOGRAPHIC UNIT
-- <br><br><br><br>vorhanden:<br>2001/Januar<br>2002/Januar, Juli, Oktober<br>2003/Januar, April, Juli, Oktober <br>2004/Januar<br>2005/Januar<br>2006/Januar<br>2007/Januar<br>2008/Januar
942 ## - ADDED ENTRY ELEMENTS (KOHA)
Koha item type Statistics
Holdings
Withdrawn status Lost status Damaged status Not for loan Home library Current library Shelving location Date acquired Inventory number Total Checkouts Barcode Date last seen Price effective from Koha item type
        WIIW WIIW Library 07/19/2007 7611   10003583 01/26/2017 01/26/2017 Statistics
The Vienna Instiute for International Economic Studies (wiiw)